Espiritualidad mariana del antiguo Testamento: María en los textos de J. N. Zegri
Saved in:
| Main Author: | |
|---|---|
| Format: | Book |
| Language: | Spanish |
| Published: |
Madrid
Paulinas
1992
|
| Series: | Colección Tabor, 8
|
| Subjects: | |
| Tags: |
Add Tag
No Tags, Be the first to tag this record!
|
MARC
| LEADER | 00000nam a2200000 a 4500 | ||
|---|---|---|---|
| 001 | UCX4878 | ||
| 003 | CL-VaPUC | ||
| 008 | 920807e19920000SP |||||||||||||||||spa|d | ||
| 082 | 0 | 4 | |a 232.91 |b NAV |2 21 |
| 100 | |a Navarro Puerto, Mercedes |e autora |9 596586 | ||
| 245 | 1 | 0 | |a Espiritualidad mariana del antiguo Testamento: María en los textos de J. N. Zegri |
| 300 | |a 240 p | ||
| 942 | |c BK | ||
| 945 | |d 19920807 00:00:00 | ||
| 260 | |a Madrid |b Paulinas |c 1992 | ||
| 600 | 0 | |a Virgen María |9 314204 | |
| 650 | 7 | |a ENSEÑANZA BIBLICA |2 CL-VaPUC |9 320049 | |
| 583 | |a last modification |c 19920807 00:00:00 |k Rodrigo Vera | ||
| 490 | 0 | |a Colección Tabor, 8 | |
| 999 | |c 225251 |d 225249 | ||
| 952 | |0 0 |1 0 |4 0 |6 232_910000000000000_NAV_1992 |7 0 |8 A |9 222629 |a BIBTEO |b BIBTEO |d 2019-11-15 |i 291428K |o 232.91 NAV 1992 |p 291428K |r 2025-01-17 |w 2019-11-15 |y BK |k ICR | ||